| 000 | 01615nam a2200445 b 4500 | ||
|---|---|---|---|
| 999 |
_c63839 _d63839 |
||
| 001 | 768714001 | ||
| 003 | CO-MdFUSB | ||
| 005 | 20170829090154.0 | ||
| 008 | 070725s2007 sp | ||| ||spa | ||
| 017 |
_aS 685-2007 _bOficina Depósito Legal Salamanca |
||
| 020 | _a9788430116409 | ||
| 040 |
_aSpMaBN _bspa _cCO-MdFUSB _erdc _dCO-MdFUSBC |
||
| 041 | 1 |
_aspa _heng |
|
| 080 | _a929 Jezabel (33)(0:82) | ||
| 080 | _a821.111(73)-31"19" | ||
| 082 |
_224 _aG 222.5092 _bB365c |
||
| 100 | 1 |
_aBeach, Eleanor Ferris, _d1946- _eautor |
|
| 240 | 1 | 4 | _aThe Jezebel letters |
| 245 | 1 | 4 |
_aLas cartas de la reina Jezabel _b: religión y política en el Israel del siglo IX a.C. _c/ Eleanor Ferris Beach ; traducción de Carmen Herrans Pascual |
| 264 | 1 |
_aSalamanca: _bSígueme, _c℗[2007] |
|
| 264 | 4 | _c©2007 | |
| 300 |
_a253 p. _bil., mapa _c22 cm |
||
| 336 |
_2rdacontent _a1 _ba1 |
||
| 337 |
_2rdamedia _a2 _b5 |
||
| 338 |
_2rdacarrier _a2 _b5 |
||
| 490 | _aEl peso de los días | ||
| 500 | _aCronología: p. [244-245] | ||
| 504 | _aBibliografía: p. [237]-242. Índices | ||
| 505 | _aTiro -- Tirsá -- Samaria -- El monte Baal -- Yizreel -- Beit ha Kerem -- Karka -- Ecrón -- Dibóbn -.- Damasco -- Ramot de Galaad -- Jerusalén -- Dor -- Epílogos | ||
| 563 | _apasta dura | ||
| 600 | 1 | 7 |
_aJezabel, _cReina consorte de Ahab, Rey de Israel _vNovelas _2embne |
| 630 | 0 |
_aBiblia. _pReyes _xBiografía |
|
| 720 |
_aHerranz Pascual, Carmen _etraductor |
||
| 830 | _v57 | ||
| 942 | _cBK | ||
| 956 | _a2 | ||